Getting numbers you can trust : the new accounting
Αποθηκεύτηκε σε:
| Μορφή: | Βιβλίο |
|---|---|
| Γλώσσα: | English |
| Δημοσίευση: |
U.S.A :
A harvard business review paperback,
1991
|
| Θέματα: | |
| Ετικέτες: |
Προσθήκη ετικέτας
Δεν υπάρχουν, Καταχωρήστε ετικέτα πρώτοι!
|
MARC
| LEADER | 00000nam a2200000 i 4500 | ||
|---|---|---|---|
| 001 | 1/22913 | ||
| 008 | 960711s1991 eng d | ||
| 020 | |a 0875842909 | ||
| 035 | |l 10021986 | ||
| 040 | |a GR-MY-UA |b gre |e aacr | ||
| 041 | 0 | |a eng | |
| 082 | 0 | |a 658.1511 | |
| 245 | 1 | 0 | |a Getting numbers you can trust : |b the new accounting |
| 260 | |a U.S.A : |b A harvard business review paperback, |c 1991 | ||
| 300 | |a 108 p. | ||
| 650 | 0 | 0 | |a Managerial accounting. |
| 852 | |a INST |b CHIOS |e 19960711 |h 658.1511 GET |p 005200004059 |q 005200004059 |t BK |y 0 | ||
| 909 | |a Χ |b 023422 | ||
| 922 | |a 2ΕΛΗ |b 199206 |c ΛΙΤΙΝΑΣ | ||